00903nam a22002537a 450000500170000000800410001702000180005805000210007610000330009724500910013025000170022126000440023830000180028233600100030033700140031033800140032451900900033865000310042865000320045965000370049194200070052895200970053599900170063220231102151917.0160331t20102013mx ad||| |||| 00| 0 spa d a9786070006456 aQA76.5bR65 2013 aRomero, Gomez Antonioeautor aComputación Práctica IIb: Exel 2010 . HTML . Dreamweaver cRomero Gómez Antonio a3a edición aMexicob: Grupo Editorial Exodoc, 2013 a464 páginas atexto asin medio avolúmen aPlan Flexible /bTecnologías de la información / cComplementario / d(19 002455) aProcesamiento de palabras. aSistemas de almacenamiento. arecuperación de información. cLB 00104070a19b19d2016-03-31l0oQA76.5 R65 2013p19 002455r2016-03-31t1w2016-03-31yLB c99174d99174